Történelemoktatás európai szemmel

Bibliographic Details
Main Author: Vajda, Barnabás, 1970- (Author)
Format: Article
Language:Hungarian
PhysicalDescription:Fotogr.
ISSN:1335-6445
Subjects:

MARC

LEADER 00000nab a2200000 a 4500
001 vtls000777660
003 SK-MaSNL
005 20260319074857.0
008 141024c2001 xo 0 hun
015 |a SNBRB2001/12-36172 
035 |a CLN000129443 
040 |a SNKBUCL  |b slo  |c SNKBUCL  |e AACR2 
041 0 |a hun 
044 |a xo  |c SK 
080 |a 372.893(4)  |2 1997 
100 1 |a Vajda, Barnabás,  |d 1970-  |4 aut  |9 101782 
245 1 0 |a Történelemoktatás európai szemmel  |c Vajda Barnabás 
300 |b Fotogr. 
650 0 7 |a dejepis  |x vyučovanie  |z Európa  |x smernice  |2 snkbucl  |9 846841 
655 7 |a články z novín a časopisov  |2 snkbucl  |9 267496 
773 0 |t Katedra  |g Roč. 9, č. 3 (2001), s. 19  |x 1335-6445 
850 |a Slovenská národná knižnica v Martine 
852 |a SNK  |b KIS3GCP 
958 |a HU 
958 |a SK 
999 |c 1363589  |d 1365519